Welcome to CU Library Online Public Access Catalogue (OPAC)

We have heard that God is with you : (Record no. 6749)

MARC details
000 -LEADER
fixed length control field 00915cam a2200229 a 4500
001 - CONTROL NUMBER
control field 15230831
005 - DATE AND TIME OF LATEST TRANSACTION
control field 20250628095413.0
008 - FIXED-LENGTH DATA ELEMENTS--GENERAL INFORMATION
fixed length control field 080324s2008 miu b 001 0 eng
020 ## - INTERNATIONAL STANDARD BOOK NUMBER
International Standard Book Number 9780802807700 (pbk. : alk. paper)
020 ## - INTERNATIONAL STANDARD BOOK NUMBER
International Standard Book Number 0802807704 (pbk. : alk. paper)
041 1# - LANGUAGE CODE
Language code of text/sound track or separate title eng
Language code of original dut
050 00 - LIBRARY OF CONGRESS CALL NUMBER
Classification number BS1191.5
Item number .B67 2008
082 00 - DEWEY DECIMAL CLASSIFICATION NUMBER
Classification number 251
Edition information 22
100 1# - MAIN ENTRY--PERSONAL NAME
Personal name Bos, Rein,
Dates associated with a name 1955-
245 10 - TITLE STATEMENT
Title We have heard that God is with you :
Remainder of title preaching the old testament /
Statement of responsibility, etc. Rein Bos.
260 ## - PUBLICATION, DISTRIBUTION, ETC.
Place of publication, distribution, etc. Grand Rapids, Mich. :
Name of publisher, distributor, etc. William B. Eerdmans Pub. Co.,
Date of publication, distribution, etc. 2008.
300 ## - PHYSICAL DESCRIPTION
Extent xv, 384 p. ;
Dimensions 23 cm.
500 ## - GENERAL NOTE
General note Adapted and translated from the Dutch by the author: Wij hebben gehoord dat God met u is. Zoetermeer : Boekencentrum, c2004.
700 1# - ADDED ENTRY--PERSONAL NAME
Personal name Bos, Rein,
Dates associated with a name 1955-
Title of a work Wij hebben gehoord dat God met u is.
856 41 - ELECTRONIC LOCATION AND ACCESS
Materials specified Table of contents only
Uniform Resource Identifier <a href="http://www.loc.gov/catdir/toc/ecip0815/2008013160.html">http://www.loc.gov/catdir/toc/ecip0815/2008013160.html</a>
942 ## - ADDED ENTRY ELEMENTS (KOHA)
Source of classification or shelving scheme Library of Congress Classification
Koha item type Books
Suppress in OPAC No
999 ## -
-- 6749
-- 6749
Holdings
Withdrawn status Lost status Source of classification or shelving scheme Damaged status Not for loan Collection Home library Current library Shelving location Date acquired Total checkouts Full call number Barcode Date last seen Copy number Price effective from Koha item type
    Library of Congress Classification     Non-fiction Undergraduate Library (Christ Temple) Undergraduate Library (Christ Temple) General stacks 06/28/2025   BS1191.5B67 BOS ulct00003600 06/28/2025 1 06/07/2025 Books
© 2023-2024 Copyright: Central University Libraries. All Rights Reserved | Created by: Mahone Tech Office